• 首页
  • 本馆介绍
  • 公告通知
  • 最新文献
  • 馆藏检索
  • 电子资源
  • 读者导购
  • 参考咨询
  • 我的图书馆
  • 登录
  • 详细信息显示
  • 放入我的书架
  • 预约/预借图书
  • 作者相关作品
  • 分类相关作品
  • 丛书相关作品
  • 出版社相关作品

书目信息

  • 表格格式
  • 工作单格式
  • 卡片格式
题名:
活捉黑洞
    
 
作者: 喻菲 , 全晓书 , 屈婷 著 ;贺萌 绘
分册:  
出版信息: 北京   科学出版社  2017.07
页数: 118页
开本: 24cm
丛书名:
单 册:
中图分类: P145.8
科图分类:
主题词: 黑洞--普及读物
电子资源:
ISBN: 978-7-03-053768-3
000 00863nam0 2200265 450
001 4646
005 20181012145611.03
010    @a978-7-03-053768-3@dCNY48.00
100    @a20171116d2017 em y0chiy50 ea
101 0  @achi
102    @aCN@b110000
105    @aa z 000yy
200 1  @a活捉黑洞@9huo zhuo hei dong@e中国慧眼探索极端宇宙@f喻菲,全晓书,屈婷著@g贺萌绘
210    @a北京@c科学出版社@d2017.07
215    @a118页@c彩图@d24cm
300    @a中国科学卫星系列
330    @a本书主要讲述有关黑洞的知识与故事,记录了中国科学家的睿智勤奋和百折不挠,带领读者搭乘“慧眼”飞向太空,共同探索黑洞世界。
606 0  @a黑洞@j普及读物
690    @aP145.8@v5
701  0 @a喻菲@9yu fei@4著
701  0 @a全晓书@9quan xiao shu@4著
701  0 @a屈婷@9qu ting@4著
702  0 @a贺萌@9he meng@4绘
801  0 @aCN@b91MARC@c20171116
905    @aMuseLib@dP145.8@e281
    
    活捉黑洞:中国慧眼探索极端宇宙/喻菲,全晓书,屈婷著/贺萌绘.-北京:科学出版社,2017.07
    118页:彩图;24cm
    中国科学卫星系列
    
    ISBN 978-7-03-053768-3:CNY48.00
    本书主要讲述有关黑洞的知识与故事,记录了中国科学家的睿智勤奋和百折不挠,带领读者搭乘“慧眼”飞向太空,共同探索黑洞世界。
●
相关链接 在E读中查询图书 在五车中查询图书 在当当中查询图书 在豆瓣中查询图书


正题名:活捉黑洞     索取号:P145.8/281         预约/预借

序号 登录号 条形码 馆藏地/架位号 状态 备注
1 1126106   211261061   第二样本阅览室/ [索取号:P145.8/281] 在馆    
2 1126107   211261070   密集书库-资源管理系/ [索取号:P145.8/281] 在馆    
3 1126108   211261089   第三借阅区/ [索取号:P145.8/281] 在馆    
唐山师范学院图书馆 欢迎您!
大连网信软件有限公司© 版权所有